000 00290nam a2200133Ia 4500
005 20251222152558.0
008 251222s9999||||xx |||||||||||||| ||spa||
082 _a813.4/W21
100 _aWallace, Lewis
245 0 _aBen-Hur
250 _a5ta.ed.
264 _bCumbre S.A.
942 _cLIB
999 _c26502
_d26502